[Event "HZ Open"]
[Site "Vlissingen NED"]
[Date "2006.08.06"]
[Round "2"]
[White "Avontuur,T"]
[Black "Afek,Y"]
[Result "0-1"]
[WhiteElo "2029"]
[BlackElo "2316"]
[EventDate "2006.08.05"]

1. d4 Nf6 2. c4 c5 3. d5 b5 4. cxb5 a6 5. e3 g6 6. Nc3 Bg7 7. a4 O-O 8. e4
d6 9. f4 e6 10. dxe6 fxe6 11. Nf3 Bb7 12. Ng5 Qe7 13. Qc2 Nh5 14. g3 axb5
15. Nxb5 h6 16. Nf3 g5 17. fxg5 Rxf3 18. Be2 Qf8 19. Bxf3 Qxf3 20. Rf1 Qg4
21. Nxd6 Ba6 22. gxh6 Bxf1 23. Kxf1 Bd4 24. h7+ Kxh7 25. e5+ Qg6 26. Qxg6+
Kxg6 27. Nc4 Nc6 28. g4 Rf8+ 29. Ke1 Nf4 30. Bxf4 Rxf4 31. h3 Nxe5 32.
Nxe5+ Bxe5 33. Ra2 Rb4 34. a5 Bxb2 35. a6 Bc3+ 36. Ke2 Rb8 37. Kd3 Bd4 38.
Kc4 Kg5 39. Ra4 Kf4 40. a7 Ra8 41. Kb5 e5 42. Kc6 c4 43. Rxc4 Rxa7 44. Rc2
Rh7 45. Ra2 e4 46. Kd5 Rd7+ 47. Ke6 Rd8 48. Rg2 e3 49. g5 e2 0-1

[Event "HZ Open"]
[Site "Vlissingen NED"]
[Date "2006.08.06"]
[Round "2"]
[White "Sparreboom,W"]
[Black "Navarrete Delgado,S"]
[Result "0-1"]
[WhiteElo "1997"]
[BlackElo "2210"]
[EventDate "2006.08.05"]

1. d4 d5 2. c4 c6 3. Nc3 Nf6 4. cxd5 cxd5 5. Bf4 Qb6 6. Nf3 e6 7. Qc2 Nc6
8. e3 Bd7 9. a3 Rc8 10. Bd3 Na5 11. O-O Be7 12. b4 Qc6 13. Rfc1 Nc4 14. Ne5
Nxe5 15. Bxe5 Qb6 16. Qe2 O-O 17. Rc2 Ne8 18. Na4 Qd8 19. Rac1 Rxc2 20.
Qxc2 a5 21. Bxh7+ Kh8 22. Nc5 b6 23. Nxd7 Qxd7 24. bxa5 bxa5 25. a4 f6 26.
Bg3 f5 27. Bg6 Nf6 28. f3 Ba3 29. Ra1 Rc8 30. Qb3 Bb4 31. Be1 Ng8 32. g4
Bxe1 33. Rxe1 Ne7 34. gxf5 exf5 35. Qb6 Qxa4 36. Qe6 Rc6 37. Qxe7 Rxg6+ 38.
Kh1 Qb4 39. Qh4+ Rh6 40. Qg3 a4 41. Rg1 Qe7 42. Qb8+ Kh7 43. Qf4 Rf6 44.
Rc1 Qd6 45. Qg5 Qd7 46. Qh4+ Rh6 47. Qf4 a3 48. Ra1 Ra6 49. Qh4+ Kg8 50.
Qf2 Qb5 51. Qa2 Kh8 52. Kg2 Kh7 53. Kf2 Rh6 54. Kg2 Qd3 55. Qf2 Qc3 56. Ra2
Rg6+ 57. Kh3 Qc7 58. f4 Rg4 59. Qh4+ 0-1

[Event "HZ Open"]
[Site "Vlissingen NED"]
[Date "2006.08.06"]
[Round "2"]
[White "Ouwendijk,V"]
[Black "Roggeveen,W"]
[Result "1-0"]
[WhiteElo "2210"]
[BlackElo "1966"]
[EventDate "2006.08.05"]

1. e4 e5 2. Nf3 Nc6 3. Nc3 Nf6 4. d4 exd4 5. Nxd4 Bb4 6. Nxc6 bxc6 7. Bd3
O-O 8. Qf3 d5 9. Bg5 d4 10. a3 Be7 11. Ne2 Bg4 12. Qg3 Bxe2 13. Bxf6 Bxf6
14. Kxe2 Bh4 15. Qh3 g6 16. g3 Bf6 17. f4 Rb8 18. b3 Qe7 19. Kf2 Bg7 20.
Rhe1 a5 21. a4 Rbe8 22. Qg4 Qe6 23. Qf3 Re7 24. g4 Qd6 25. Kg2 Rfe8 26. Re2
c5 27. Rae1 Bh6 28. e5 Qb6 29. Bb5 Rd8 30. e6 Rxe6 31. Rxe6 fxe6 32. Rxe6
Qb8 33. f5 Be3 34. Bc4 Kh8 35. Qe4 Qa8 36. Rc6 Re8 37. Be6 Bf4 38. Kh3 gxf5
39. Qxf4 fxg4+ 40. Kg3 Qxc6 41. Qf6+ 1-0

[Event "HZ Open"]
[Site "Vlissingen NED"]
[Date "2006.08.06"]
[Round "2"]
[White "Koes,R"]
[Black "Mindeguia Guruceaga,J"]
[Result "0-1"]
[WhiteElo "1988"]
[BlackElo "2199"]
[EventDate "2006.08.05"]

1. Nc3 d5 2. e4 d4 3. Nce2 c5 4. Ng3 Nc6 5. Nf3 h5 6. Bc4 h4 7. Ne2 h3 8.
gxh3 Bxh3 9. Nf4 e6 10. d3 Bg4 11. Rg1 Nf6 12. h3 Bxf3 13. Qxf3 Qd7 14. Rg5
O-O-O 15. Bd2 Nh7 16. Rh5 g6 17. Bxe6 fxe6 18. Nxg6 Rg8 19. Qg3 Qf7 20. Qh4
Nf6 21. Ne5 Qxh5 22. Qxh5 0-1

[Event "HZ Open"]
[Site "Vlissingen NED"]
[Date "2006.08.06"]
[Round "2"]
[White "Van de Wynkele,E"]
[Black "Kalisvaart,P"]
[Result "1-0"]
[WhiteElo "1982"]
[BlackElo "2195"]
[EventDate "2006.08.05"]

1. e4 e5 2. Bc4 Nf6 3. d3 Nc6 4. Nc3 Bc5 5. Nf3 d6 6. Na4 a6 7. Nxc5 dxc5
8. a3 Qd6 9. c3 O-O 10. O-O Bg4 11. h3 Be6 12. Qe2 Rad8 13. Bxe6 fxe6 14.
Rd1 Nh5 15. g3 c4 16. Ne1 Nf6 17. Bg5 cxd3 18. Rxd3 Qe7 19. Rad1 Rxd3 20.
Rxd3 h6 21. Bc1 Qc5 22. Be3 Qb5 23. f3 Na5 24. b4 Nc4 25. Bc5 Re8 26. Qa2
Nb6 27. Bxb6 Qxb6+ 28. Qf2 Qc6 29. Qa2 b5 30. Ng2 Ra8 31. Ne3 a5 32. Qc2
axb4 33. cxb4 Qxc2 34. Nxc2 Kf7 35. Rc3 Ra7 36. Rc5 Rb7 37. Kf2 Nd7 38. Rc3
Ke7 39. Ne1 Nb6 40. Nd3 Nc4 41. a4 c6 42. Nc5 Ra7 43. a5 Nxa5 44. Ra3 1-0

[Event "HZ Open"]
[Site "Vlissingen NED"]
[Date "2006.08.06"]
[Round "3"]
[White "Gurevich,M"]
[Black "Roy Chowdhury,S"]
[Result "1/2-1/2"]
[WhiteElo "2643"]
[BlackElo "2394"]
[EventDate "2006.08.05"]

1. c4 c5 2. g3 Nc6 3. Bg2 g6 4. Nc3 Bg7 5. a3 d6 6. Rb1 a5 7. e3 e5 8. Nge2
Nge7 9. d3 O-O 10. O-O Rb8 11. Bd2 Be6 12. Qb3 Qd7 13. Rfc1 Bh3 14. Bxh3
Qxh3 15. Qd1 Qe6 16. Nb5 f5 17. b4 axb4 18. axb4 Rbd8 19. Nc7 Qf7 20. b5
Nb8 21. Nc3 Nd7 22. N3d5 Nf6 23. Qf3 Nexd5 24. Nxd5 Nxd5 25. Qxd5 e4 26.
Qxf7+ Kxf7 27. Bc3 Bxc3 28. Rxc3 Ra8 1/2-1/2

[Event "HZ Open"]
[Site "Vlissingen NED"]
[Date "2006.08.06"]
[Round "3"]
[White "Saptarshi,R"]
[Black "Krasenkow,M"]
[Result "0-1"]
[WhiteElo "2373"]
[BlackElo "2635"]
[EventDate "2006.08.05"]

1. e4 c5 2. Nf3 Nc6 3. d4 cxd4 4. Nxd4 Nf6 5. Nc3 e5 6. Ndb5 d6 7. Bg5 a6
8. Na3 b5 9. Nd5 Be7 10. Nxe7 Nxe7 11. Bd3 Bb7 12. Qe2 Nd7 13. c4 b4 14.
Nc2 a5 15. Bxe7 Qxe7 16. Ne3 Nc5 17. Nd5 Bxd5 18. cxd5 O-O 19. O-O g6 20.
Rac1 Rac8 21. g3 Qg5 22. Bb5 h5 23. Kh1 h4 24. f4 Qf6 25. Qg4 hxg3 26. f5
Qh8 27. h3 Qh5 28. Rce1 Qxg4 29. hxg4 Kg7 30. Kg2 Rh8 31. Kxg3 g5 32. Rf2
Rh4 33. Rh2 Rch8 34. Rxh4 gxh4+ 35. Kf3 Kf6 36. Ke3 h3 37. Be2 h2 38. Bf3
Kg5 39. Rd1 Na4 40. Rb1 Rh3 41. Ke2 Nxb2 42. Bg2 Na4 0-1

[Event "HZ Open"]
[Site "Vlissingen NED"]
[Date "2006.08.06"]
[Round "3"]
[White "Grooten,H"]
[Black "Nijboer,F"]
[Result "0-1"]
[WhiteElo "2362"]
[BlackElo "2598"]
[EventDate "2006.08.05"]

1. d4 Nf6 2. c4 g6 3. Nc3 Bg7 4. e4 d6 5. Nf3 O-O 6. Be2 e5 7. Be3 Ng4 8.
Bg5 f6 9. Bh4 g5 10. Bg3 Nh6 11. d5 Nd7 12. Nd2 f5 13. f3 Nf6 14. h3 c5 15.
Bf2 f4 16. a3 Rf7 17. b4 b6 18. Nf1 Bf8 19. Rb1 Rg7 20. Qd2 Bd7 21. Rb3 Nf7
22. g4 fxg3 23. Nxg3 Qc8 24. bxc5 bxc5 25. h4 gxh4 26. Rxh4 Be7 27. Rh1 Rb8
28. Qb2 Rxb3 29. Qxb3 Bd8 30. Bf1 Ba5 31. Ke2 Ng5 32. Bg2 Bxc3 33. Qxc3 Nh3
34. Bxh3 Bxh3 35. Qa5 Rb7 36. Be3 Kh8 37. Bd2 Rg7 38. Kf2 h5 39. Rg1 Qg8
40. Qa6 Rg6 41. Be3 h4 42. Ne2 Bg2 43. Ke1 Qb8 44. Bxc5 dxc5 45. Rxg2 Qb1+
0-1

[Event "HZ Open"]
[Site "Vlissingen NED"]
[Date "2006.08.06"]
[Round "3"]
[White "Ikonnikov,Vy"]
[Black "Roktim,B"]
[Result "1-0"]
[WhiteElo "2587"]
[BlackElo "2365"]
[EventDate "2006.08.05"]

1. d4 Nf6 2. Nf3 e6 3. c4 Bb4+ 4. Bd2 Qe7 5. g3 O-O 6. Bg2 Bxd2+ 7. Qxd2 d5
8. O-O Nbd7 9. Qc2 c5 10. cxd5 Nxd5 11. Nc3 Nb4 12. Qb3 cxd4 13. Nxd4 Nf6
14. a3 Na6 15. Qc2 e5 16. Nf5 Bxf5 17. Qxf5 Nc5 18. Rad1 Rad8 19. b4 Nb3
20. Nd5 Nxd5 21. Rxd5 Rxd5 22. Bxd5 Nd4 23. Qe4 Nb5 24. Rc1 Nd6 25. Qc2 Rd8
26. Qc7 Kf8 27. e4 Ke8 28. Qa5 b6 29. Qa6 Kf8 30. a4 g6 31. a5 bxa5 32.
Qxa5 Kg7 33. Rc5 f6 34. Be6 Kh6 35. Bg4 Ne8 36. Rc6 Rb8 37. Re6 Qf7 38. Qc5
Rb7 39. Qc8 Re7 40. Rc6 Nc7 41. Be2 Ne8 42. Bc4 Qf8 43. Qb8 Qg7 44. Qc8 Qf8
45. Qd8 Rb7 46. b5 Qe7 47. Qd2+ Kg7 48. Re6 Qc5 49. Qd5 Qxd5 50. Bxd5 Rb8
51. Re7+ Kh6 52. h4 Nd6 53. Re6 Nxb5 54. Rxf6 Nc7 55. Rf7 Nxd5 56. exd5 Rd8
57. g4 Rxd5 58. Rxa7 Rd6 59. Kg2 g5 60. h5 e4 61. Re7 Rd4 62. Kf1 Ra4 63.
Re5 e3 64. f3 Ra3 65. Ke2 Rb3 66. Rxe3 Rxe3+ 67. Kxe3 Kg7 68. Ke4 Kf7 69.
Ke5 Kg7 70. h6+ Kg6 71. Ke6 Kxh6 72. Kf5 Kg7 73. Kxg5 Kf7 74. Kf5 Kg7 75.
Ke6 Kg6 76. f4 h6 1-0

[Event "HZ Open"]
[Site "Vlissingen NED"]
[Date "2006.08.06"]
[Round "3"]
[White "Bezemer,A"]
[Black "L'Ami,E"]
[Result "0-1"]
[WhiteElo "2346"]
[BlackElo "2586"]
[EventDate "2006.08.05"]

1. e4 e5 2. Nf3 Nc6 3. Bb5 Nf6 4. O-O Nxe4 5. d4 Nd6 6. Bxc6 dxc6 7. dxe5
Nf5 8. Qxd8+ Kxd8 9. Nc3 Ne7 10. Bf4 Ng6 11. Bg3 Bg4 12. Rad1+ Kc8 13. Rd3
Be7 14. h3 Bf5 15. Rd2 c5 16. Re1 Be6 17. Nd5 Bd8 18. Red1 b6 19. c4 Kb7
20. b3 a5 21. a4 h6 22. Kf1 Re8 23. Re2 Kc6 24. Red2 Rc8 25. Re2 Bf5 26.
Ke1 Nf8 27. Kd2 Ne6 28. Kc3 Bh7 29. Ree1 Kb7 30. Bh2 Kc6 31. Bg3 Bg6 32.
Bh2 Be7 33. Re2 Bh7 34. Ree1 Bf8 35. g4 Rcd8 36. Nf4 Nd4 37. Nxd4+ cxd4+
38. Kb2 Bb4 39. Re2 Bc3+ 40. Ka2 d3 41. Re3 Bxe5 42. Bg3 Bd4 43. Rxe8 Rxe8
44. Nxd3 Re2+ 45. Ka3 Bc3 46. b4 Bxd3 0-1

[Event "HZ Open"]
[Site "Vlissingen NED"]
[Date "2006.08.06"]
[Round "3"]
[White "Erenburg,S"]
[Black "Schlawin,M"]
[Result "1-0"]
[WhiteElo "2585"]
[BlackElo "2349"]
[EventDate "2006.08.05"]

1. e4 e6 2. d4 d5 3. Nd2 c5 4. exd5 exd5 5. Ngf3 Nf6 6. Bb5+ Bd7 7. Bxd7+
Nbxd7 8. O-O Be7 9. Re1 O-O 10. dxc5 Nxc5 11. Nf1 Nce4 12. Be3 Re8 13. Bd4
Qd7 14. Ne3 a6 15. Qd3 Nc5 16. Qf5 Rad8 17. Rad1 g6 18. Qxd7 Rxd7 19. Nf5
Nce4 20. Nxe7+ Rdxe7 21. Re3 Re6 22. h3 Rc8 23. c3 h5 24. Ne1 Rce8 25. Nd3
Nd7 26. Nf4 Rd6 27. Rde1 Kf8 28. Nxd5 Rxd5 29. Rxe4 Rxe4 30. Rxe4 Nc5 31.
Bxc5+ Rxc5 32. Kf1 Kg7 33. Re7 b5 34. h4 Kf6 35. Ra7 Rc6 36. Ke2 Ke6 37.
Ke3 f6 38. f3 Kf5 39. Rd7 Re6+ 40. Kf2 g5 41. Rd5+ Kg6 42. g3 Rc6 43. a3
Re6 44. hxg5 fxg5 45. f4 gxf4 46. gxf4 Re4 47. Kf3 Ra4 48. Rd4 Rc4 49. Rd6+
Kf5 50. Rd5+ Kg6 51. Kg3 Rc6 52. Rg5+ Kh6 53. Kh4 Rd6 54. Rxh5+ Kg6 55. f5+
Kg7 56. Rg5+ Kf7 57. Rg2 Rd8 58. Kg4 Rg8+ 59. Kf3 1-0

[Event "HZ Open"]
[Site "Vlissingen NED"]
[Date "2006.08.06"]
[Round "3"]
[White "Afek,Y"]
[Black "Landa,K"]
[Result "0-1"]
[WhiteElo "2316"]
[BlackElo "2584"]
[EventDate "2006.08.05"]

1. e4 c5 2. Nf3 d6 3. d4 cxd4 4. Nxd4 Nf6 5. Nc3 Nc6 6. Bc4 Na5 7. Bd3 g6
8. Bg5 Bg7 9. Qd2 Bd7 10. f3 h6 11. Be3 h5 12. O-O-O Rc8 13. h3 h4 14. f4
Rh5 15. f5 gxf5 16. exf5 Rxc3 17. bxc3 Nd5 18. Qe2 Rh8 19. Bd2 Qc8 20. Bb5
a6 21. Bxd7+ Kxd7 22. Rde1 Qc5 23. f6 Bxf6 24. Rhf1 Nxc3 25. Qg4+ Kd8 26.
Bxc3 Qxc3 27. Ne2 Qb2+ 28. Kd1 Qxa2 29. Qb4 Rh5 30. Nc1 Rd5+ 31. Nd3 Rb5
32. Qg4 Nc4 33. Rxf6 Rb1+ 0-1

[Event "HZ Open"]
[Site "Vlissingen NED"]
[Date "2006.08.06"]
[Round "3"]
[White "Stellwagen,D"]
[Black "Ziska,H"]
[Result "1-0"]
[WhiteElo "2575"]
[BlackElo "2333"]
[EventDate "2006.08.05"]

1. e4 c5 2. Nf3 d6 3. d4 cxd4 4. Nxd4 Nf6 5. Nc3 a6 6. f4 e5 7. Nf3 Nbd7 8.
a4 Be7 9. Bc4 Qa5 10. Qe2 b5 11. Ba2 bxa4 12. Bd2 Bb7 13. O-O Qb6+ 14. Kh1
O-O 15. Nh4 Rae8 16. Nf5 Bd8 17. Nxa4 Qc7 18. Nc3 Nc5 19. fxe5 Rxe5 20. Bf4
Ncxe4 21. Bxe5 dxe5 22. Nxe4 Bxe4 23. Bb3 Bb7 24. Qc4 Qb6 25. Rad1 Ne4 26.
Rd7 Ng5 27. Nd6 1-0

[Event "HZ Open"]
[Site "Vlissingen NED"]
[Date "2006.08.06"]
[Round "3"]
[White "Swinkels,R"]
[Black "Li Shilong"]
[Result "0-1"]
[WhiteElo "2286"]
[BlackElo "2540"]
[EventDate "2006.08.05"]

1. e4 e6 2. d4 d5 3. Nc3 Nf6 4. Bg5 Be7 5. e5 Nfd7 6. h4 Nc6 7. Qd2 f6 8.
exf6 gxf6 9. Be3 Bd6 10. f4 f5 11. Nf3 Nf6 12. a3 Bd7 13. h5 O-O 14. Be2
Ng4 15. Nd1 b6 16. Nf2 Nf6 17. Ne5 Ne7 18. Rg1 Kh8 19. c3 Be8 20. Qd1 Neg8
21. Bf3 Nh6 22. Qe2 c5 23. Nh3 Qe7 24. Ng5 Rc8 25. Rh1 Bxe5 26. fxe5 Nfg4
27. Nh3 Nxe3 28. Qxe3 Qh4+ 29. Nf2 f4 30. Rxh4 fxe3 31. Nd1 cxd4 32. Rxd4
Nf5 33. Rf4 Bb5 34. b3 Bd3 35. Nb2 Ba6 36. c4 Kg7 37. Rc1 Kh6 38. Nd3 dxc4
39. bxc4 Rcd8 40. Nb4 Bc8 41. Rd1 Rxd1+ 42. Kxd1 Rd8+ 43. Ke1 Rd2 44. Nc6
Bd7 45. Nd8 Nd4 46. Nf7+ Kg7 47. h6+ Kg8 48. Bd1 b5 49. Nd6 Bc6 50. Rg4+
Kf8 51. cxb5 Bxg2 52. Rf4+ Ke7 53. Rf7+ Kd8 54. b6 axb6 55. Rf8+ Kc7 56.
Rc8+ Kd7 57. Ba4+ b5 58. Rh8 Nf3+ 0-1

[Event "HZ Open"]
[Site "Vlissingen NED"]
[Date "2006.08.06"]
[Round "3"]
[White "Smeets,J"]
[Black "Vedder,R"]
[Result "1/2-1/2"]
[WhiteElo "2532"]
[BlackElo "2229"]
[EventDate "2006.08.05"]

1. e4 e5 2. Nf3 Nc6 3. Bb5 a6 4. Ba4 Nf6 5. O-O Nxe4 6. d4 b5 7. Bb3 d5 8.
dxe5 Be6 9. Nbd2 Nc5 10. c3 Be7 11. Bc2 d4 12. Nb3 d3 13. Bb1 Bg4 14. Nxc5
Bxc5 15. Bf4 Bf5 16. Ne1 Qd5 17. Bxd3 Rd8 18. Bc2 Bxc2 19. Qxc2 Nxe5 20.
Bxe5 Qxe5 21. Nf3 Qf6 22. Rfe1+ Kf8 23. c4 bxc4 24. Qxc4 Bd6 25. b4 g6 26.
Rad1 Kg7 27. Nd4 h5 28. Nc6 Ra8 29. h4 Rhe8 30. a4 Rxe1+ 31. Rxe1 Re8 32.
Rd1 Qf5 33. Qc3+ Kh7 34. Nd4 Qe5 35. g3 c5 36. bxc5 Bxc5 37. Rd3 Rc8 38.
Qd2 Rd8 39. Ne2 Rxd3 40. Qxd3 Qa1+ 41. Kg2 Qxa4 42. Qd5 Qe8 43. Nc3 Bf8 44.
Ne4 Bg7 45. f4 Kg8 46. f5 gxf5 47. Qxf5 Qe6 48. Qf4 a5 49. Ng5 Qd5+ 50. Kh2
Be5 51. Qa4 Kg7 52. Qc2 Bf6 53. Qh7+ Kf8 54. Qxh5 Bxg5 55. hxg5 Qe5 56. Qh4
Qe2+ 57. Kh3 Qf1+ 58. Kh2 Qf2+ 59. Kh1 Qf1+ 1/2-1/2

[Event "HZ Open"]
[Site "Vlissingen NED"]
[Date "2006.08.06"]
[Round "3"]
[White "Keessen,AJ"]
[Black "Van der Wiel,J"]
[Result "1/2-1/2"]
[WhiteElo "2234"]
[BlackElo "2508"]
[EventDate "2006.08.05"]

1. d4 Nf6 2. c4 g6 3. Nc3 Bg7 4. e4 d6 5. Be2 O-O 6. Nf3 Na6 7. O-O c6 8.
Be3 Ng4 9. Bg5 Nc7 10. Rc1 f6 11. Bh4 Nh6 12. c5 d5 13. Bg3 dxe4 14. Nxe4
Nd5 15. h3 Be6 16. Bc4 Qd7 17. Re1 Bf7 1/2-1/2

[Event "HZ Open"]
[Site "Vlissingen NED"]
[Date "2006.08.06"]
[Round "3"]
[White "Delemarre,J"]
[Black "Ouwendijk,V"]
[Result "1-0"]
[WhiteElo "2471"]
[BlackElo "2210"]
[EventDate "2006.08.05"]

1. d4 f5 2. c4 e6 3. Nf3 Nf6 4. g3 d5 5. Bg2 Bd6 6. b3 c6 7. O-O Qe7 8. Ne5
O-O 9. Qc2 Nbd7 10. Bb2 a5 11. a4 Ng4 12. Nxg4 fxg4 13. Nc3 dxc4 14. bxc4
e5 15. c5 Bb8 16. d5 Nxc5 17. Ba3 Bd6 18. dxc6 Bf5 19. Bd5+ Kh8 20. e4 Bg6
21. Nb5 b6 22. Nxd6 Qxd6 23. Rab1 Qxd5 24. exd5 Bxc2 25. Rxb6 Nxa4 26. Rb7
Rf3 27. c7 Rg8 28. Rc1 Bf5 29. Rb8 Rc3 30. d6 Rxc1+ 31. Bxc1 Nc3 32. Bb2
Ne2+ 33. Kf1 Nd4 34. Bxd4 exd4 35. Rd8 Bd3+ 36. Ke1 1-0

[Event "HZ Open"]
[Site "Vlissingen NED"]
[Date "2006.08.06"]
[Round "3"]
[White "Mindeguia Guruceaga,J"]
[Black "Khmelniker,I"]
[Result "0-1"]
[WhiteElo "2199"]
[BlackElo "2461"]
[EventDate "2006.08.05"]

1. e4 e5 2. Nf3 Nc6 3. d4 exd4 4. Nxd4 Nf6 5. Nc3 Bb4 6. Nxc6 bxc6 7. Qd4
Qe7 8. f3 Bc5 9. Qd3 O-O 10. Bg5 h6 11. Bh4 Qe6 12. O-O-O Nh5 13. Qc4 Qxc4
14. Bxc4 Nf4 15. Bf1 f5 16. Be1 fxe4 17. Nxe4 Be7 18. g3 Ne6 19. Be2 d5 20.
Nf2 Bc5 21. Nd3 Bd6 22. f4 g5 23. fxg5 Nxg5 24. Bd2 Kh7 25. Bf4 Bf5 26.
Bxd6 cxd6 27. Rhf1 Be4 28. Rxf8 Rxf8 29. Nf4 Bf3 30. Re1 Be4 31. Bh5 Rf6
32. Bg4 Nf7 33. Re3 Ne5 34. Be2 Ng6 35. Ra3 Rf7 36. Bh5 Re7 37. Bxg6+ Bxg6
38. Nxg6 Kxg6 39. Kd2 Kg5 40. Ra5 Rc7 41. h3 Kf5 42. Ke3 Ke5 43. Ra4 Rg7
44. g4 Rf7 45. c3 c5 46. Ra6 Rb7 47. b3 Rf7 48. Ra5 Rh7 49. Ra4 Rf7 50. Ra5
Rf1 51. Rxa7 Rh1 52. b4 Rxh3+ 53. Kd2 Rh2+ 54. Ke3 Rb2 55. bxc5 dxc5 56.
Rh7 Rc2 57. Kd3 Rxa2 58. Rxh6 c4+ 59. Ke3 Rc2 60. Rh5+ Kd6 61. Rg5 Rxc3+
62. Kd2 Rg3 63. Rg8 d4 64. g5 Rg2+ 65. Kd1 Kd5 66. g6 Ke4 0-1

[Event "HZ Open"]
[Site "Vlissingen NED"]
[Date "2006.08.06"]
[Round "3"]
[White "Spoelman,W"]
[Black "Sijpkens,M"]
[Result "1-0"]
[WhiteElo "2461"]
[BlackElo "2198"]
[EventDate "2006.08.05"]

1. e4 e5 2. Nf3 Nc6 3. Bb5 a6 4. Ba4 Nf6 5. O-O Be7 6. Re1 b5 7. Bb3 O-O 8.
h3 d6 9. c3 Na5 10. Bc2 c5 11. d4 Qc7 12. Nbd2 cxd4 13. cxd4 Bb7 14. Nf1
Rac8 15. Re2 Nc6 16. Ng3 Nd7 17. Be3 exd4 18. Nxd4 Nxd4 19. Bxd4 Bf6 20.
Nf5 Rcd8 21. Bb3 d5 22. Rc1 Qf4 23. Be3 Qb8 24. exd5 Rfe8 25. d6 Be4 26.
Ng3 Bg6 27. Rc7 Nb6 28. Bf4 Rxe2 29. Qxe2 Nd7 30. Ne4 Be5 31. Bxe5 Nxe5 32.
Nc5 Nc4 33. Nd7 Qa8 34. Bxc4 bxc4 35. Nb6 Qe4 36. Qxe4 Bxe4 37. Rc8 Rf8 38.
d7 1-0

[Event "HZ Open"]
[Site "Vlissingen NED"]
[Date "2006.08.06"]
[Round "3"]
[White "Van Zutphen,J"]
[Black "Michiels,B"]
[Result "1/2-1/2"]
[WhiteElo "2194"]
[BlackElo "2455"]
[EventDate "2006.08.05"]

1. d4 d5 2. c3 Nf6 3. Bg5 Ne4 4. Bf4 e6 5. e3 Nd7 6. Bd3 g5 7. Bg3 Nxg3 8.
hxg3 h6 9. Nf3 Bg7 10. Qe2 Qe7 11. O-O b6 12. e4 Bb7 13. e5 O-O 14. Nbd2 f6
15. exf6 Qxf6 16. Rae1 Rae8 17. Ne5 Nxe5 18. dxe5 Qf7 19. Bb1 Bh8 20. f4
Qg7 21. Qd3 g4 22. f5 Rxf5 23. Rxf5 exf5 24. Qxf5 Rxe5 25. Rxe5 Qxe5 26.
Qxg4+ Kf8 27. Nf3 Qg7 28. Qf4+ Ke8 29. Nh4 Kd8 30. Nf5 Qf6 31. Nxh6 Bg7 32.
Nf5 Bf8 33. Nd4 Qxf4 34. gxf4 Bd6 35. g3 c5 36. Nf5 Bf8 37. Kf2 Bc8 38. Ke3
b5 39. g4 a5 40. g5 Bxf5 41. Bxf5 b4 42. Be6 d4+ 43. cxd4 cxd4+ 44. Kxd4
Bg7+ 45. Ke4 Bxb2 46. Bb3 Ke7 47. Kf3 Bd4 48. Kg4 Kd6 49. f5 Ke5 50. Bc2
Be3 51. f6 Bc5 52. Kh5 Bf8 53. Kg6 Kf4 54. Bd1 Bc5 55. f7 Be7 56. Ba4 Kg4
57. Bb5 Kf4 58. Bd7 Bc5 59. Ba4 Be7 60. Bd1 Bc5 61. Kh5 Bf8 62. g6 Kf5 63.
Bc2+ Kf6 64. Kg4 a4 65. Kh5 b3 66. Bxb3 a3 1/2-1/2

[Event "HZ Open"]
[Site "Vlissingen NED"]
[Date "2006.08.06"]
[Round "3"]
[White "Barua,D"]
[Black "Oosterom,E"]
[Result "1-0"]
[WhiteElo "2453"]
[BlackElo "2194"]
[EventDate "2006.08.05"]

1. e4 e5 2. Bc4 Nf6 3. d3 Nc6 4. Nf3 Be7 5. O-O O-O 6. Bb3 d6 7. c3 b5 8.
a4 b4 9. a5 Rb8 10. Nbd2 Ba6 11. Nc4 Nd7 12. Be3 Bb5 13. Qc2 Kh8 14. d4
bxc3 15. bxc3 exd4 16. Nxd4 Nxd4 17. Bxd4 c5 18. Be3 Ne5 19. Nxe5 dxe5 20.
Rfd1 Qc7 21. Bd5 c4 22. f3 Bc5 23. Bxc5 Qxc5+ 24. Qf2 Qxf2+ 25. Kxf2 a6 26.
Ke3 g5 27. h4 f6 28. hxg5 fxg5 29. Be6 Rbd8 30. Rd5 Rxd5 31. exd5 Kg7 32.
Rh1 Rf4 33. d6 h6 34. d7 Rf8 35. Ke4 Rd8 36. Kxe5 Rxd7 37. Bxd7 Bxd7 38.
Rd1 Bb5 39. Rd6 1-0

[Event "HZ Open"]
[Site "Vlissingen NED"]
[Date "2006.08.06"]
[Round "3"]
[White "Sprangers,R"]
[Black "Garbisu de Goni,U"]
[Result "0-1"]
[WhiteElo "2182"]
[BlackElo "2444"]
[EventDate "2006.08.05"]

1. e4 e5 2. Nf3 Nc6 3. Bc4 Bc5 4. d3 Nf6 5. Nc3 d6 6. Bg5 h6 7. Bxf6 Qxf6
8. Nd5 Qd8 9. c3 a6 10. d4 exd4 11. cxd4 Ba7 12. h3 O-O 13. O-O Be6 14. Rc1
Na5 15. Bd3 c5 16. Bb1 Nc6 17. dxc5 dxc5 18. Qd2 Re8 19. Rcd1 Rc8 20. Rfe1
b5 21. e5 Bxd5 22. Qxd5 Qxd5 23. Rxd5 Rcd8 24. Be4 Rxd5 25. Bxd5 Nb4 26.
Be4 Nxa2 27. Bc6 Rd8 28. Bb7 Nb4 29. Ra1 Bb6 30. b3 a5 31. Re1 Nd3 32. Rd1
c4 33. bxc4 bxc4 34. Ba6 Nb2 35. Rc1 Rd1+ 36. Rxd1 Nxd1 37. Bxc4 Bxf2+ 38.
Kh1 Kf8 39. Nd2 Ke7 40. Bb3 Nb2 41. Ne4 Bd4 42. Nd6 Bxe5 43. Nxf7 Bc7 44.
Nh8 Kf6 45. h4 a4 0-1

[Event "HZ Open"]
[Site "Vlissingen NED"]
[Date "2006.08.06"]
[Round "3"]
[White "Perez,Rod"]
[Black "Vanderhallen,N"]
[Result "1-0"]
[WhiteElo "2406"]
[BlackElo "2189"]
[EventDate "2006.08.05"]

1. e4 c5 2. Nf3 e6 3. c3 Nf6 4. e5 Nd5 5. d4 cxd4 6. Qxd4 Nc6 7. Qe4 d6 8.
Nbd2 dxe5 9. Nxe5 Nxe5 10. Qxe5 Qc7 11. Qxc7 Nxc7 12. Be2 e5 13. Nc4 f6 14.
Bh5+ g6 15. Bf3 Rb8 16. Be3 b6 17. O-O-O Be6 18. b3 Bxc4 19. Bc6+ Kf7 20.
Rd7+ Ke6 21. bxc4 Ba3+ 22. Kc2 Rbc8 23. Rhd1 Ne8 24. Ba4 Rc7 25. Rd8 Re7
26. Rc8 Bd6 27. Rc6 Rd7 28. c5 bxc5 29. Bxc5 Ke7 30. Rc8 1-0

[Event "HZ Open"]
[Site "Vlissingen NED"]
[Date "2006.08.06"]
[Round "3"]
[White "Freeke,M"]
[Black "Klenburg,M"]
[Result "0-1"]
[WhiteElo "2176"]
[BlackElo "2403"]
[EventDate "2006.08.05"]

1. d4 d6 2. c4 e5 3. d5 f5 4. e4 fxe4 5. Nc3 Nf6 6. Nge2 Bf5 7. Ng3 Bg6 8.
Bg5 Be7 9. h4 Qd7 10. Bxf6 gxf6 11. f3 exf3 12. Qxf3 h5 13. Bd3 Bxd3 14.
Qxd3 Qg4 15. Nf5 Na6 16. O-O Nc5 17. Qe3 Qxc4 18. Rad1 Bf8 19. Rd4 Qa6 20.
b4 Nd7 21. Rf2 O-O-O 22. Re4 Kb8 23. a4 c6 24. a5 cxd5 25. Nxd5 Rc8 26. Kh2
Qc6 27. Qb3 Qb5 28. Rf3 a6 29. Rd3 Rc1 30. Rf3 Qc6 31. Rc3 Rxc3 32. Nxc3 d5
33. Nxd5 Qe6 34. Nfe3 Bd6 35. Rc4 e4+ 36. Kh1 Qe5 37. Nf1 Rd8 38. Nc3 f5
39. b5 Nc5 40. Qd1 Nd3 41. Qxh5 axb5 0-1

[Event "HZ Open"]
[Site "Vlissingen NED"]
[Date "2006.08.06"]
[Round "3"]
[White "Kohlweyer,B"]
[Black "Van de Wynkele,E"]
[Result "1-0"]
[WhiteElo "2419"]
[BlackElo "1982"]
[EventDate "2006.08.05"]

1. d4 d5 2. c4 c6 3. e3 Nf6 4. Nc3 a6 5. Qc2 b5 6. b3 Bg4 7. Nge2 e6 8. Ng3
Bd6 9. h3 Bxg3 10. hxg4 Bd6 11. g5 Nfd7 12. c5 Bc7 13. f4 Nf8 14. Bd2 Qe7
15. b4 a5 16. Nxb5 cxb5 17. Bxb5+ Kd8 18. Qa4 f6 19. gxf6 gxf6 20. Be2 Qd7
21. b5 Rg8 22. g4 e5 23. dxe5 fxe5 24. f5 e4 25. Qd4 Bg3+ 26. Kd1 Ke8 27.
Rc1 Qd8 28. c6 Nxc6 29. bxc6 Rc8 30. Rc5 Qd6 31. Rxd5 Qxc6 32. Bb5 1-0

[Event "HZ Open"]
[Site "Vlissingen NED"]
[Date "2006.08.06"]
[Round "3"]
[White "Galle,A"]
[Black "Karasik,E"]
[Result "0-1"]
[WhiteElo "2001"]
[BlackElo "2289"]
[EventDate "2006.08.05"]

1. d4 Nf6 2. c4 c5 3. d5 b5 4. cxb5 a6 5. f3 e6 6. e4 c4 7. Bg5 h6 8. Bh4
axb5 9. Nh3 Qa5+ 10. Nc3 Bb4 11. Bxf6 gxf6 12. Rc1 Qxa2 13. Qd2 Qa5 14. Be2
Qb6 15. Nf2 Bc5 16. Ncd1 Na6 17. O-O Nb4 18. Kh1 h5 19. f4 Bb7 20. Bf3 Ra2
21. Rb1 Kd8 22. Qc3 Rh6 23. Ne3 Na6 24. dxe6 fxe6 25. Ned1 b4 0-1

[Event "HZ Open"]
[Site "Vlissingen NED"]
[Date "2006.08.06"]
[Round "3"]
[White "Schut,L"]
[Black "Floor,D"]
[Result "1/2-1/2"]
[WhiteElo "1971"]
[BlackElo "2219"]
[EventDate "2006.08.05"]

1. e4 c5 2. Nf3 d6 3. d4 cxd4 4. Nxd4 Nf6 5. Nc3 a6 6. f4 e5 7. Nf3 Nbd7 8.
a4 b6 9. Bd3 Bb7 10. O-O Be7 11. Qe1 O-O 12. Qg3 Nh5 13. Qh3 Nxf4 14. Bxf4
exf4 15. Nd4 g6 16. Nd5 Bf6 17. Nxf6+ Qxf6 18. Ne2 Rad8 19. c3 Qe5 20. Rxf4
Nc5 21. Raf1 Nxe4 22. Bxe4 Bxe4 23. Nd4 f5 24. Qh6 Rfe8 25. Nf3 Bxf3 26.
R4xf3 Qc5+ 27. Kh1 Re2 28. Rg3 Qf2 29. Qc1 Rc2 30. Qd1 Qd2 31. Qh5 Rc1 32.
Rxg6+ Kh8 33. Qxf5 Rxf1+ 34. Qxf1 hxg6 35. Qf6+ Kh7 36. Qe7+ Kh6 37. Qh4+
Kg7 38. Qe7+ Kh6 39. Qh4+ 1/2-1/2